[Event "🎱"]
[Site "http://www.queenalice.com/game.php?id=1559627"]
[Date "2019.2.4"]
[Round "-"]
[White "verdello"]
[Black "Nickerson"]
[Result "0-1"]
[WhiteElo "1445"]
[BlackElo "2002"]

1. g3 Nf6 2. Bg2 e5 3. e3 d5 4. Nf3 Nc6 5. b3 e4 6. Nd4 Nxd4 7. exd4 Bg4 8. f3
exf3 9. Bxf3 Qe7+ 10. Kf1 Bh3+ 11. Kf2 Ne4+ 12. Bxe4 dxe4 13. Re1 Qf6+ 14. Ke3
O-O-O 15. Bb2 g6 16. Nc3 Bh6+ 17. Kxe4 Rxd4# 0-1

[Event "Challenge"]
[Site "http://www.queenalice.com/game.php?id=1559696"]
[Date "2019.2.4"]
[Round "-"]
[White "recchdegomm1"]
[Black "verdello"]
[Result "0-1"]
[WhiteElo "1398"]
[BlackElo "1447"]

1. e4 d5 2. Nc3 Nf6 3. Bb5+ c6 4. Ba4 dxe4 5. d3 g6 6. Nh3 exd3 7. cxd3 Bg7 8.
O-O O-O 9. Re1 Bxh3 10. gxh3 Na6 11. a3 Nc5 12. d4 Nxa4 13. Rb1 Nxc3 14. bxc3 e6
15. a4 Nh5 16. Ba3 Re8 17. Rxb7 Nf4 18. Qf3 Nd5 19. Qxf7+ Kh8 20. Rxe6 Qg5+ 21.
Kh1 Qh6 22. Rxc6 Nf4 23. Rb1 Nxh3 24. f3 Ng5 25. Qf4 Nh3 26. Qxh6 Bxh6 27. Rf1
Nf4 28. c4 Rec8 29. d5 Rxc6 30. dxc6 Rc8 31. Rd1 Nh3 32. Bc5 a6 33. Bd4+ Kg8 34.
Rf1 Rxc6 35. Re1 Rc8 36. Re4 Ng5 37. Rh4 Nxf3 38. c5 Nxh4 39. Bf2 Nf3 40. Bg3
Rxc5 41. Bd6 Rc4 42. Bg3 Rxa4 43. h4 Rc4 44. Bf2 a5 45. Bb6 Nxh4 46. Bxa5 Bf4
47. Be1 Rc1 48. Kg1 Rxe1+ 49. Kf2 Bg3+ 50. Kxg3 g5 51. Kg4 h6 52. Kg3 Rf1 53.
Kh2 h5 54. Kh3 Rg1 55. Kh2 Nf3+ 56. Kh3 g4# 0-1

[Event "Challenge"]
[Site "http://www.queenalice.com/game.php?id=1560575"]
[Date "2019.2.11"]
[Round "-"]
[White "K_I_D"]
[Black "verdello"]
[Result "1-0"]
[WhiteElo "2012"]
[BlackElo "1445"]

1. d4 b6 2. f3 Bb7 3. e4 g6 4. Bd3 Bg7 5. Ne2 Nc6 6. c3 d5 7. exd5 Qxd5 8. Na3
a6 9. Nc4 e6 10. Ne5 Nxe5 11. Be4 Qc4 12. b3 Qb5 13. Bxb7 Rb8 14. Be4 Nd7 15. a4
Qh5 16. h4 f5 17. Ng3 fxe4 18. Nxh5 1-0

[Event "In honorem pueri "]
[Site "http://www.queenalice.com/game.php?id=1561336"]
[Date "2019.2.18"]
[Round "-"]
[White "verdello"]
[Black "K_I_D"]
[Result "0-1"]
[WhiteElo "1461"]
[BlackElo "2108"]

1. g3 c5 2. d4 e6 3. Bg2 cxd4 4. Qxd4 d5 5. Bf4 Nc6 6. Qd3 Qb6 7. b3 Bb4+ 8. Nc3
d4 9. Bxc6+ bxc6 10. O-O-O Bxc3 11. Nf3 c5 12. Qe4 Bb7 13. Qe5 f6 14. Qh5+ g6
15. Qh3 Qa6 16. Kb1 Ne7 17. Qh6 Qa3 18. Bc1 Qa6 19. Rhf1 O-O-O 20. Ng1 Nf5 21.
Qf4 g5 22. Qg4 h5 23. Qf3 Bxf3 24. Nxf3 Qxe2 25. Ng1 Qa6 26. f4 Ne3 27. Bxe3
dxe3 28. Ne2 Qxe2 29. Rc1 Qxf1 30. Rxf1 Rd2 31. a4 e2 32. Re1 Rd1+ 33. Rxd1
exd1=Q+ 34. Ka2 Qa1# 0-1

[Event "Challenge"]
[Site "http://www.queenalice.com/game.php?id=1563743"]
[Date "2019.3.9"]
[Round "-"]
[White "recchdegomm1"]
[Black "verdello"]
[Result "0-1"]
[WhiteElo "1427"]
[BlackElo "1509"]

1. e4 d5 2. Nc3 g6 3. Bb5+ c6 4. Bf1 Bg7 5. Nf3 Nh6 6. h3 dxe4 7. Nxe4 O-O 8. b3
Bxa1 9. d4 Nf5 10. c3 b5 11. g4 Ng3 12. Nxg3 Bxc3+ 13. Bd2 Bxd4 14. Nxd4 Qxd4
15. Ne2 Qd5 16. Ng3 Na6 17. Rg1 Nc5 18. Qa1 Ne4 19. Qd1 Nxd2 20. Bg2 Qe6+ 21.
Qe2 Rd8 22. Ne4 Nxe4 23. Bxe4 Qe5 24. f3 Be6 25. Bxc6 Rac8 26. Qxe5 Rxc6 27. Qh2
Rdc8 28. Kf2 Rc2+ 29. Kg3 Rxh2 30. Kxh2 Rc2+ 31. Rg2 Rxg2+ 32. Kxg2 a5 33. a3
Bxb3 34. g5 b4 35. axb4 axb4 36. h4 Be6 37. h5 gxh5 38. f4 b3 39. g6 hxg6 40. f5
Bxf5 41. Kf2 b2 42. Kf3 b1=Q 43. Ke3 h4 44. Kf3 Qe4+ 45. Kf2 h3 46. Kg3 Qg4+ 47.
Kf2 h2 48. Kf1 h1=Q+ 49. Kf2 Qhh3 50. Ke1 Qgg2 51. Kd1 Qhh1# 0-1

[Event "Challenge"]
[Site "http://www.queenalice.com/game.php?id=1566913"]
[Date "2019.4.8"]
[Round "-"]
[White "armandocosta"]
[Black "verdello"]
[Result "1-0"]
[WhiteElo "2238"]
[BlackElo "1490"]

1. e4 d5 2. e5 e6 3. d4 c5 4. Nf3 Nc6 5. Bb5 Ne7 6. dxc5 g6 7. Nd4 a6 8. Nxc6
Nxc6 9. Bxc6+ bxc6 10. b4 Bg7 11. f4 a5 12. c3 Ba6 13. Qa4 Bb5 14. Qc2 axb4 15.
cxb4 O-O 16. Na3 Ba4 17. Qf2 Qb8 18. O-O g5 19. Qd4 gxf4 20. Bxf4 Ra7 21. Rab1
Bc2 22. Nxc2 Rxa2 23. Ne3 Ra8 24. Ng4 Ra4 25. Bh6 Qd8 26. Bxg7 Kxg7 27. Nf6 Rh8
28. Nh5+ Kf8 29. Qg4 Ke7 30. Qg5+ Kd7 31. Rxf7+ Kc8 32. Qg7 Ra8 33. b5 Rb8 34.
b6 Rg8 35. Rc7+ Qxc7 36. Qxc7# 1-0

[Event "Challenge"]
[Site "http://www.queenalice.com/game.php?id=1566914"]
[Date "2019.4.8"]
[Round "-"]
[White "verdello"]
[Black "armandocosta"]
[Result "0-1"]
[WhiteElo "1522"]
[BlackElo "2240"]

1. g3 e5 2. Bg2 d5 3. Nf3 e4 4. Nd4 Bc5 5. e3 Bxd4 6. exd4 Nf6 7. O-O O-O 8. Nc3
Nc6 9. Ne2 Bg4 10. d3 Nxd4 11. Nxd4 Bxd1 12. Rxd1 Qd6 13. Bf4 Qc5 14. c3 b5 15.
dxe4 Nxe4 16. Rf1 b4 17. Be5 bxc3 18. Nb3 Qc4 19. Bxe4 cxb2 20. Bxb2 Qxe4 21.
Rfe1 Qc2 22. Be5 c5 23. Rec1 Qe4 24. Re1 Qf5 25. Nxc5 Rac8 26. Nb3 Rc2 27. Bd4
h5 28. Re5 Qg4 29. Rxd5 Re8 30. Bxa7 Qf3 31. Rd2 Rxd2 32. Nxd2 Qb7 33. Be3 Qb2
34. Nb3 h4 35. gxh4 Re4 36. h5 Qe2 37. Nd2 Rg4+ 38. Kh1 f5 39. Rg1 f4 40. Rxg4
Qxg4 41. f3 fxe3 42. fxg4 exd2 43. a4 d1=Q+ 44. Kg2 Qxg4+ 45. Kh1 Qxa4 46. Kg2
Qg4+ 47. Kh1 Kh7 48. h6 Kxh6 0-1

[Event "Challenge"]
[Site "http://www.queenalice.com/game.php?id=1569581"]
[Date "2019.5.2"]
[Round "-"]
[White "recchdegomm1"]
[Black "verdello"]
[Result "0-1"]
[WhiteElo "1392"]
[BlackElo "1542"]

1. e4 d5 2. Nc3 Nf6 3. Bb5+ c6 4. Ba4 dxe4 5. d3 e6 6. a3 Bc5 7. b4 Bd4 8. Bd2
Qb6 9. Nh3 O-O 10. Nf4 Bxf2+ 11. Kf1 Bd4 12. Rb1 exd3 13. cxd3 Bxc3 14. Bxc3 e5
15. Bxe5 Ng4 16. Qd2 Nd7 17. Bc3 Qa6 18. Bd1 Ndf6 19. h3 Nh6 20. Qb2 Bf5 21.
Bxf6 gxf6 22. Qxf6 Bxd3+ 23. Ke1 Bxb1 24. g4 Qxa3 25. Qg5+ Kh8 26. Qxh6 Qxb4+
27. Kf1 Rae8 28. Qf6+ Kg8 29. Qg5+ Bg6 30. h4 Re1+ 31. Kg2 Qe4+ 32. Kh2 Qxh1+
33. Kg3 Rxd1 34. Qa5 Qe1+ 35. Kf3 Qe4+ 36. Kg3 Qe3+ 37. Kg2 Qxf4 38. Kh3 Rg1 39.
h5 Qg3# 0-1